[Event "Vilafranca del Penedes op 12th"]
[Site "Vilafranca del Penedes"]
[Date "2018.04.06"]
[Round "1"]
[White "Caballero Gomez Casero, Emilio"]
[Black "Toledano Luna, Pedro"]
[Result "1/2-1/2"]
[WhiteElo "1734"]
[BlackElo "2198"]
[PlyCount "107"]
[EventDate "2018.04.06"]
[EventType "swiss"]
[EventRounds "8"]
[EventCountry "ESP"]
[SourceTitle "CBM 184 Extra"]
[Source "ChessBase"]
[SourceDate "2018.06.28"]
[SourceVersion "1"]
[SourceVersionDate "2018.06.28"]
[SourceQuality "1"]

1. d4 d6 2. Nf3 Bg4 3. c4 Bxf3 4. exf3 Nd7 5. Nc3 Ngf6 6. Bd3 e6 7. 0-0 Be7 8. Re1 0-0 9. Qb3 Rb8 10. Bg5 e5 11. Be3 a6 12. Rad1 b5 13. cxb5 axb5 14. Bb1 c6 15. Ne4 Nd5 16. Qc2 Nb4 17. Qc3 d5 18. Nc5 Bxc5 19. dxc5 Na6 20. Qc2 f5 21. a3 b4 22. Qa4 Qc8 23. axb4 Rxb4 24. Qa3 Qb7 25. Bd3 Naxc5 26. Bxc5 Nxc5 27. Rxe5 Nxd3 28. Qxd3 Rb3 29. Qd4 Rxb2 30. Re7 Qxe7 31. Qxb2 Re8 32. h3 Qe2 33. Qb3 h6 34. Rc1 Qe6 35. Qb7 Rc8 36. Ra1 Rd8 37. Ra7 Qe1+ 38. Kh2 Qe5+ 39. Kg1 Rb8 40. Ra8 Rxa8 41. Qxa8+ Kh7 42. Qxc6 d4 43. Qd7 Kg6 44. Qc6+ Qf6 45. Qe8+ Kh7 46. Qd7 Qe5 47. Kf1 Qc5 48. Ke1 Qc1+ 49. Ke2 Qc2+ 50. Ke1 Qd3 51. Qd5 h5 52. Qd7 f4 53. Qd5 g6 54. Qf7+ 1/2-1/2

[Event "Vilafranca del Penedes op 11th"]
[Site "Vilafranca del Penedes"]
[Date "2017.05.12"]
[Round "6"]
[White "Toledano Luna, Pedro"]
[Black "Lorca Cortada, David"]
[Result "1-0"]
[WhiteElo "2348"]
[BlackElo "2159"]
[PlyCount "55"]
[EventDate "2017.03.31"]
[EventType "swiss"]
[EventRounds "8"]
[EventCountry "ESP"]
[SourceTitle "EXT 2018"]
[Source "ChessBase"]
[SourceDate "2017.10.13"]
[SourceVersion "1"]
[SourceVersionDate "2017.10.13"]
[SourceQuality "1"]

1. c4 b6 2. Nc3 Bb7 3. e4 Nf6 4. e5 Ne4 5. Nxe4 Bxe4 6. d3 Bb7 7. Bf4 e6 8. a3 c5 9. Qd2 Nc6 10. Nf3 d6 11. Be2 dxe5 12. Nxe5 Nxe5 13. Bxe5 f6 14. Bc3 e5 15. 0-0 Bd6 16. f4 exf4 17. Bh5+ g6 18. Rxf4 Bxf4 19. Qxf4 0-0 20. Bg4 Qxd3 21. Be6+ Kg7 22. Qc7+ Kh8 23. Re1 Ba6 24. Bd5 Qf5 25. Rf1 Rac8 26. Qe7 Rce8 27. Qxe8 Qxf1+ 28. Kxf1 1-0

[Event "Vilafranca del Penedes op 11th"]
[Site "Vilafranca del Penedes"]
[Date "2017.03.31"]
[Round "1"]
[White "Toledano Luna, Pedro"]
[Black "Lopez Butista, Ferran"]
[Result "1-0"]
[WhiteElo "2348"]
[BlackElo "1915"]
[PlyCount "73"]
[EventDate "2017.03.31"]
[EventType "swiss"]
[EventRounds "8"]
[EventCountry "ESP"]
[SourceTitle "EXT 2018"]
[Source "ChessBase"]
[SourceDate "2017.10.13"]
[SourceVersion "1"]
[SourceVersionDate "2017.10.13"]
[SourceQuality "1"]

1. c4 f5 2. g3 e6 3. Bg2 Nf6 4. Nf3 d5 5. 0-0 c6 6. Qc2 Bd6 7. d3 0-0 8. Nc3 h6 9. e4 fxe4 10. dxe4 dxe4 11. Nxe4 Nxe4 12. Qxe4 Qf6 13. Qc2 Na6 14. Be3 e5 15. c5 Bc7 16. Nd2 Qe7 17. a3 Be6 18. b4 Rac8 19. Ne4 Bd5 20. Rfd1 Qe6 21. b5 Bb3 22. Qc3 cxb5 23. Nd6 Bxd6 24. Rxd6 Qf7 25. Rb1 Be6 26. Rxb5 Rcd8 27. Rxb7 Rxd6 28. cxd6 Qf5 29. Bxa7 Rc8 30. Qe1 Nc5 31. Bxc5 Rxc5 32. Be4 Qg5 33. Rc7 Rxc7 34. dxc7 Qe7 35. Bd5 Kf8 36. Qxe5 Qxa3 37. Bxe6 1-0

[Event "Vilafranca del Penedes op 10th"]
[Site "Vilafranca del Penedes"]
[Date "2016.05.06"]
[Round "6.5"]
[White "Pique Safont, Joan Manel"]
[Black "Toledano Luna, Pedro"]
[Result "1/2-1/2"]
[WhiteElo "2172"]
[BlackElo "2370"]
[PlyCount "65"]
[EventDate "2016.04.01"]
[EventType "swiss"]
[EventRounds "8"]
[EventCountry "ESP"]
[SourceTitle "EXT 2024"]
[Source "ChessBase"]
[SourceDate "2023.10.10"]
[SourceVersion "1"]
[SourceVersionDate "2023.10.10"]
[SourceQuality "1"]

1. d4 d6 2. e4 Nf6 3. Nc3 Nbd7 4. f4 e5 5. Nf3 exd4 6. Qxd4 c6 7. Be3 d5 8. e5 Ng4 9. Bg1 Nh6 10. Qd2 Bb4 11. 0-0-0 Qa5 12. a3 Bxc3 13. Qxc3 Qxc3 14. bxc3 Nb6 15. Nd4 Bd7 16. h3 0-0-0 17. g4 Rhe8 18. Nb3 Na4 19. Bd4 b6 20. e6 Rxe6 21. f5 Ree8 22. Bxg7 Ng8 23. Ba6+ Kc7 24. Rde1 c5 25. c4 Bc6 26. cxd5 Bxd5 27. Rhg1 f6 28. g5 Nc3 29. gxf6 Bf7 30. Re7+ Nxe7 31. fxe7 Rxe7 32. Bxc3 Re3 33. Kb2 1/2-1/2

[Event "Vilafranca del Penedes op 10th"]
[Site "Vilafranca del Penedes"]
[Date "2016.04.15"]
[Round "3.2"]
[White "Toledano Luna, Pedro"]
[Black "Canales Garcia, Vicenc"]
[Result "0-1"]
[WhiteElo "2370"]
[BlackElo "2157"]
[PlyCount "60"]
[EventDate "2016.04.01"]
[EventType "swiss"]
[EventRounds "8"]
[EventCountry "ESP"]
[SourceTitle "EXT 2024"]
[Source "ChessBase"]
[SourceDate "2023.10.10"]
[SourceVersion "1"]
[SourceVersionDate "2023.10.10"]
[SourceQuality "1"]

1. c4 g6 2. g3 c5 3. Bg2 Bg7 4. Nc3 Nc6 5. a3 a5 6. d3 d6 7. Nh3 e5 8. Ng5 h6 9. Nf3 Nge7 10. 0-0 0-0 11. e3 Be6 12. Qe2 Qd7 13. Rd1 Bg4 14. Qf1 g5 15. h3 Bh5 16. g4 Bg6 17. Nh2 f5 18. Nd5 Nxd5 19. Bxd5+ Kh8 20. Qg2 Rab8 21. Rb1 Ne7 22. Bf3 b5 23. Bd2 bxc4 24. e4 fxe4 25. Bxe4 cxd3 26. Bxa5 d5 27. Bxd3 Bxd3 28. Rbc1 c4 29. Bb4 e4 30. Nf1 Bxb2 0-1

[Event "Vilafranca del Penedes op 10th"]
[Site "Vilafranca del Penedes"]
[Date "2016.04.08"]
[Round "2.2"]
[White "Barberans Sola, Sebastian"]
[Black "Toledano Luna, Pedro"]
[Result "0-1"]
[WhiteElo "2031"]
[BlackElo "2370"]
[PlyCount "68"]
[EventDate "2016.04.01"]
[EventType "swiss"]
[EventRounds "8"]
[EventCountry "ESP"]
[SourceTitle "EXT 2024"]
[Source "ChessBase"]
[SourceDate "2023.10.10"]
[SourceVersion "1"]
[SourceVersionDate "2023.10.10"]
[SourceQuality "1"]

1. d4 d6 2. Nf3 Nf6 3. h3 g6 4. Bf4 Bg7 5. e3 0-0 6. Be2 Nc6 7. c4 Nd7 8. Nc3 e5 9. Bh2 f5 10. 0-0 Kh8 11. Nd5 exd4 12. exd4 Nf6 13. Nc3 Ne4 14. Rc1 Ng5 15. Nxg5 Qxg5 16. Nb5 f4 17. Rc3 Rf7 18. Bf3 a6 19. Bxc6 bxc6 20. Na3 Bd7 21. Nc2 c5 22. Qd2 Re8 23. Rd1 Re4 24. Rb3 Bxd4 25. Nxd4 Rxd4 26. Qc3 Qe5 27. Re1 Qf6 28. Rb8+ Kg7 29. Ra8 g5 30. Rxa6 Re7 31. Rf1 Bf5 32. b4 Bd3 33. Rd1 Bxc4 34. Rxd4 Qxd4 0-1

[Event "Vilafranca del Penedes op 8th"]
[Site "Vilafranca del Penedes"]
[Date "2014.05.09"]
[Round "6"]
[White "Toledano Luna, Pedro"]
[Black "Vinas Racionero, Josep Claudi"]
[Result "1-0"]
[WhiteElo "2343"]
[BlackElo "2122"]
[PlyCount "71"]
[EventDate "2014.03.28"]
[EventType "swiss"]
[EventRounds "8"]
[EventCountry "ESP"]
[SourceTitle "EXT 2015"]
[Source "ChessBase"]
[SourceDate "2014.11.20"]
[SourceVersion "1"]
[SourceVersionDate "2014.11.20"]
[SourceQuality "1"]

1. c4 e5 2. g3 Nc6 3. Bg2 f5 4. Nc3 Nf6 5. d3 Be7 6. e4 d6 7. Nge2 0-0 8. 0-0 Qe8 9. exf5 Bxf5 10. d4 Qh5 11. f3 Bh3 12. d5 Bxg2 13. Kxg2 Nd8 14. Be3 Nf7 15. Qd2 g5 16. g4 Qg6 17. Ng3 Rae8 18. Nce4 Bd8 19. Rac1 b6 20. b4 h5 21. h3 h4 22. Nxf6+ Bxf6 23. Ne4 Be7 24. Rc3 Rc8 25. Ra3 Ra8 26. Ra6 Rfc8 27. Rc1 Kh8 28. Rc3 c5 29. bxc5 dxc5 30. Rca3 Nd6 31. Qd3 Rf8 32. Rxa7 Rae8 33. Nxd6 Qxd6 34. Qe4 Qf6 35. Bc1 Qg7 36. d6 1-0

[Event "Vilafranca del Penedes op 8th"]
[Site "Vilafranca del Penedes"]
[Date "2014.04.11"]
[Round "3"]
[White "Sirera Bargallo, Tomas"]
[Black "Toledano Luna, Pedro"]
[Result "0-1"]
[WhiteElo "2145"]
[BlackElo "2343"]
[PlyCount "82"]
[EventDate "2014.03.28"]
[EventType "swiss"]
[EventRounds "8"]
[EventCountry "ESP"]
[SourceTitle "EXT 2015"]
[Source "ChessBase"]
[SourceDate "2014.11.20"]
[SourceVersion "1"]
[SourceVersionDate "2014.11.20"]
[SourceQuality "1"]

1. e4 d6 2. d4 Nf6 3. Nc3 Nbd7 4. g3 e5 5. Nge2 exd4 6. Nxd4 g6 7. Bg2 Bg7 8. 0-0 0-0 9. f4 c6 10. Nb3 Nb6 11. h3 Be6 12. Na5 Na4 13. Nxa4 Qxa5 14. Nc3 Rad8 15. Be3 d5 16. e5 Nh5 17. Bf2 d4 18. Ne2 Bc4 19. Be4 f6 20. e6 Bxe6 21. f5 gxf5 22. Bf3 f4 23. b4 Qg5 24. Bxh5 fxg3 25. Nxg3 Bxh3 26. Re1 f5 27. Kh2 Bg4 28. Bxg4 fxg4 29. Kg2 Qd5+ 30. Re4 h5 31. Qh1 d3 32. Rd1 Qf7 33. Bc5 dxc2 34. Rde1 Qf3+ 35. Kh2 Rd2+ 36. R4e2 Rxe2+ 37. Nxe2 Be5+ 38. Kg1 Qxe2 39. Rxe2 c1Q+ 40. Kg2 Qf4 41. Rf2 Qe4+ 0-1

[Event "Vilafranca del Penedes op 7th"]
[Site "Vilafranca del Penedes"]
[Date "2013.05.17"]
[Round "7"]
[White "Sirera Bargallo, Tomas"]
[Black "Toledano Luna, Pedro"]
[Result "0-1"]
[WhiteElo "1871"]
[BlackElo "2219"]
[PlyCount "44"]
[EventDate "2013.04.05"]
[EventType "swiss"]
[EventRounds "8"]
[EventCountry "ESP"]
[SourceTitle "EXT 2014"]
[Source "ChessBase"]
[SourceDate "2013.11.20"]
[SourceVersion "1"]
[SourceVersionDate "2013.11.20"]
[SourceQuality "1"]

1. Nf3 d6 2. g3 e5 3. Bg2 g6 4. 0-0 Bg7 5. c4 Ne7 6. Nc3 c5 7. Rb1 Nbc6 8. a3 a5 9. d3 0-0 10. Bd2 h6 11. Ne1 Nd4 12. e3 Ndc6 13. Nb5 Be6 14. b4 axb4 15. axb4 cxb4 16. Nc2 b3 17. Rxb3 d5 18. cxd5 Nxd5 19. Rb1 Qd7 20. Nc3 Bg4 21. Bf3 Bxf3 22. Qxf3 Nxc3 0-1

[Event "Vilafranca del Penedes op 7th"]
[Site "Vilafranca del Penedes"]
[Date "2013.04.12"]
[Round "2"]
[White "Toledano Luna, Pedro"]
[Black "Mateu Valentines, Josep Antoni"]
[Result "1-0"]
[WhiteElo "2219"]
[BlackElo "1866"]
[PlyCount "35"]
[EventDate "2013.04.05"]
[EventType "swiss"]
[EventRounds "8"]
[EventCountry "ESP"]
[SourceTitle "EXT 2014"]
[Source "ChessBase"]
[SourceDate "2013.11.20"]
[SourceVersion "1"]
[SourceVersionDate "2013.11.20"]
[SourceQuality "1"]

1. c4 c5 2. g3 g6 3. Bg2 Bg7 4. Nc3 Nc6 5. a3 Nf6 6. Rb1 Rb8 7. b4 cxb4 8. axb4 a6 9. b5 axb5 10. cxb5 Nd4 11. Qa4 Qb6 12. e3 Ne6 13. d4 d6 14. Nge2 Bd7 15. 0-0 0-0 16. Bd2 Ra8 17. Qb4 Ra5 18. Nd5 1-0

[Event "Vilafranca del Penedes op 5th"]
[Site "Vilafranca del Penedes"]
[Date "2011.06.03"]
[Round "8.2"]
[White "Toledano Luna, Pedro"]
[Black "Fernandez Diaz, Cristian"]
[Result "0-1"]
[WhiteElo "2253"]
[BlackElo "2052"]
[PlyCount "60"]
[EventDate "2011.04.08"]
[EventType "swiss"]
[EventRounds "8"]
[EventCountry "ESP"]
[SourceTitle "EXT 2024"]
[Source "ChessBase"]
[SourceDate "2023.10.10"]
[SourceVersion "1"]
[SourceVersionDate "2023.10.10"]
[SourceQuality "1"]

1. c4 Nf6 2. g3 e5 3. Bg2 c6 4. d4 Bb4+ 5. Bd2 Bxd2+ 6. Qxd2 exd4 7. Qxd4 d5 8. cxd5 cxd5 9. Nc3 Nc6 10. Qc5 Ne7 11. Rd1 0-0 12. e4 Qe8 13. e5 Nd7 14. Qc7 Nc6 15. f4 d4 16. Ne4 Nb6 17. Nd6 Qe6 18. Ne2 Nd5 19. Bxd5 Qxd5 20. 0-0 Bg4 21. Rd2 d3 22. Nc1 Qd4+ 23. Rdf2 d2 24. Nb3 d1Q 25. Nxd4 Qxd4 26. a3 Nd8 27. Qe7 f6 28. Nb5 Qb6 29. Nc7 Nc6 30. Nxa8 Rxa8 0-1

[Event "Vilafranca del Penedes op 4th"]
[Site "Vilafranca del Penedes"]
[Date "2010.04.30"]
[Round "3.2"]
[White "Rafols Albet, Josep"]
[Black "Toledano Luna, Pedro"]
[Result "0-1"]
[WhiteElo "2067"]
[BlackElo "2264"]
[PlyCount "122"]
[EventDate "2010.04.16"]
[EventType "swiss"]
[EventRounds "8"]
[EventCountry "ESP"]
[SourceTitle "EXT 2024"]
[Source "ChessBase"]
[SourceDate "2023.10.10"]
[SourceVersion "1"]
[SourceVersionDate "2023.10.10"]
[SourceQuality "1"]

1. b3 d5 2. Bb2 c5 3. e3 Nf6 4. Nf3 e6 5. Ne5 Be7 6. Bb5+ Bd7 7. Qe2 0-0 8. f4 Ne4 9. Bxd7 Nxd7 10. d3 Nd6 11. Nd2 f6 12. Nxd7 Qxd7 13. Nf3 c4 14. bxc4 dxc4 15. e4 Qb5 16. Bd4 cxd3 17. cxd3 Qb4+ 18. Qd2 Nb5 19. Qxb4 Bxb4+ 20. Ke2 Rfd8 21. Bb2 Rac8 22. Rhc1 Bc3 23. Rc2 Bxb2 24. Rxb2 Nc3+ 25. Ke3 b6 26. Rb4 Rc5 27. a4 Rdc8 28. Nd4 e5 29. fxe5 fxe5 30. Nb5 a5 31. Rb2 Nxb5 32. axb5 Rc2 33. Raa2 Rxb2 34. Rxb2 Rc5 35. Rb3 Kf7 36. d4 exd4+ 37. Kxd4 Ke6 38. g4 Rc2 39. h4 Rc5 40. Rb1 Kd6 41. Rb2 Rc1 42. Rf2 Ke6 43. Rf8 Rb1 44. Kc4 Rb4+ 45. Kd3 Rxb5 46. Rg8 Kf7 47. Ra8 Rb4 48. g5 Kg6 49. Ra7 h6 50. gxh6 gxh6 51. h5+ Kxh5 52. Rg7 Rb1 53. e5 a4 54. e6 Re1 55. e7 a3 56. e8Q+ Rxe8 57. Kc2 Ra8 58. Kb1 a2+ 59. Ka1 b5 60. Rg1 b4 61. Rg3 Kh4 0-1

[Event "Vilafranca del Penedes op 3rd"]
[Site "Vilafranca del Penedes"]
[Date "2009.06.05"]
[Round "7.2"]
[White "Bals Hernandez, Jordi"]
[Black "Toledano Luna, Pedro"]
[Result "0-1"]
[WhiteElo "1896"]
[BlackElo "2251"]
[PlyCount "64"]
[EventDate "2009.04.17"]
[EventType "swiss"]
[EventRounds "8"]
[EventCountry "ESP"]
[SourceTitle "EXT 2024"]
[Source "ChessBase"]
[SourceDate "2023.10.10"]
[SourceVersion "1"]
[SourceVersionDate "2023.10.10"]
[SourceQuality "1"]

1. d4 Nf6 2. c4 g6 3. Nc3 Bg7 4. e4 d6 5. f3 0-0 6. Be3 a6 7. Qd2 c6 8. a4 a5 9. h4 h5 10. Nge2 Na6 11. 0-0-0 Nb4 12. Bh6 Nd3+ 13. Qxd3 Bxh6+ 14. Kb1 d5 15. cxd5 cxd5 16. g4 hxg4 17. Ng3 dxe4 18. fxe4 Nh5 19. Nxh5 gxh5 20. Qb5 f5 21. Bc4+ Kh8 22. Rhf1 e6 23. exf5 exf5 24. Bd3 b6 25. Bxf5 Ba6 26. Qc6 Rf6 27. Qe4 Bxf1 28. Rxf1 Qe8 29. Qe5 Bg7 30. Re1 Qxe5 31. Rxe5 Raf8 32. Bd3 Rf1+ 0-1

[Event "Vilafranca del Penedes op 2nd"]
[Site "Vilafranca del Penedes"]
[Date "2008.05.30"]
[Round "7.4"]
[White "Rafols Albet, Josep"]
[Black "Toledano Luna, Pedro"]
[Result "0-1"]
[WhiteElo "2143"]
[BlackElo "2279"]
[PlyCount "86"]
[EventDate "2008.04.11"]
[EventType "swiss"]
[EventRounds "8"]
[EventCountry "ESP"]
[SourceTitle "EXT 2024"]
[Source "ChessBase"]
[SourceDate "2023.10.10"]
[SourceVersion "1"]
[SourceVersionDate "2023.10.10"]
[SourceQuality "1"]

1. b3 Nf6 2. Bb2 g6 3. e3 Bg7 4. f4 0-0 5. Nf3 c5 6. c4 Nc6 7. Nc3 d6 8. Bd3 e5 9. 0-0 exf4 10. exf4 Nh5 11. f5 Nd4 12. Nxd4 Bxd4+ 13. Kh1 Ng7 14. Qg4 h5 15. Qh3 Bd7 16. Rae1 Re8 17. Rxe8+ Qxe8 18. Qg3 Be5 19. Qg5 Bxf5 20. Nd5 Bxb2 21. Ne7+ Kh7 22. Bxf5 Nxf5 23. Rxf5 f6 24. Rxf6 Bxf6 25. Qxf6 Rd8 26. g3 Rd7 27. Nd5 Rf7 28. Qa1 Qe4+ 29. Kg1 Qf3 30. Qe1 b5 31. Nf4 bxc4 32. Qe6 Qd1+ 33. Kg2 Qxd2+ 34. Kh3 Rxf4 35. gxf4 Qxf4 36. bxc4 Kh6 37. a4 Qf5+ 38. Qxf5 gxf5 39. Kg3 Kg5 40. h4+ Kf6 41. a5 Ke5 42. a6 Ke4 43. Kf2 d5 0-1

[Event "Vilafranca del Penedes op 2nd"]
[Site "Vilafranca del Penedes"]
[Date "2008.05.23"]
[Round "6.2"]
[White "Rodriguez Becerro, Miquel"]
[Black "Toledano Luna, Pedro"]
[Result "1-0"]
[WhiteElo "2049"]
[BlackElo "2279"]
[PlyCount "37"]
[EventDate "2008.04.11"]
[EventType "swiss"]
[EventRounds "8"]
[EventCountry "ESP"]
[SourceTitle "EXT 2024"]
[Source "ChessBase"]
[SourceDate "2023.10.10"]
[SourceVersion "1"]
[SourceVersionDate "2023.10.10"]
[SourceQuality "1"]

1. e4 e5 2. Nf3 d6 3. Bc4 Nf6 4. Qe2 Be7 5. 0-0 c6 6. c3 0-0 7. Bb3 a5 8. d4 a4 9. Bc2 Qc7 10. Nbd2 Re8 11. Rd1 Nbd7 12. Nc4 Bf8 13. Bg5 exd4 14. cxd4 d5 15. Ncd2 dxe4 16. Nxe4 Nd5 17. Qd2 Bb4 18. Qd3 a3 19. Nd6 1-0

[Event "Vilafranca del Penedes op 2nd"]
[Site "Vilafranca del Penedes"]
[Date "2008.05.09"]
[Round "4.5"]
[White "Clotet Torrelles, Ramon"]
[Black "Toledano Luna, Pedro"]
[Result "0-1"]
[WhiteElo "2002"]
[BlackElo "2279"]
[PlyCount "112"]
[EventDate "2008.04.11"]
[EventType "swiss"]
[EventRounds "8"]
[EventCountry "ESP"]
[SourceTitle "EXT 2024"]
[Source "ChessBase"]
[SourceDate "2023.10.10"]
[SourceVersion "1"]
[SourceVersionDate "2023.10.10"]
[SourceQuality "1"]

1. d4 Nf6 2. Bf4 g6 3. e3 d6 4. Be2 Bg7 5. Nd2 0-0 6. g4 Nc6 7. g5 Nd5 8. Bg3 e5 9. c4 Nxe3 10. fxe3 exd4 11. exd4 Nxd4 12. Ndf3 Nxe2 13. Nxe2 Bh3 14. Kf2 Bxb2 15. Rb1 Ba3 16. Bf4 Bc5+ 17. Be3 Bxe3+ 18. Kxe3 Qe7+ 19. Kf2 f6 20. Nf4 Bf5 21. Qd5+ Qf7 22. Rxb7 Qxd5 23. Nxd5 fxg5 24. Ne7+ Kh8 25. Nxf5 Rxf5 26. Kg3 h5 27. h3 Raf8 28. Rf1 Rc5 29. Rc1 a6 30. Rc3 h4+ 31. Kg2 Rf4 32. Nd2 g4 33. hxg4 Rxg4+ 34. Kh3 Rf4 35. Re3 Kg7 36. Re7+ Rf7 37. Rxf7+ Kxf7 38. Ne4 Ra5 39. Nxd6+ Ke6 40. Ne4 Ke5 41. Nc3 Kd4 42. Ne2+ Kxc4 43. Rxc7+ Kd5 44. Rc2 g5 45. Kg4 Rc5 46. Rd2+ Ke4 47. Ng1 Ke3 48. Re2+ Kd3 49. Rh2 Rc2 50. Rxc2 Kxc2 51. Kxg5 a5 52. Kxh4 a4 53. Kg3 a3 54. Kf2 Kb2 55. Ke3 Kxa2 56. Ne2 Kb2 0-1

[Event "Sitges op"]
[Site "Sitges"]
[Date "1998.??.??"]
[Round "?"]
[White "Fernandez Urrutia Polo, Luis"]
[Black "Toledano Luna, Pedro"]
[Result "1/2-1/2"]
[WhiteElo "2175"]
[BlackElo "2315"]
[PlyCount "39"]
[EventDate "1998.??.??"]
[EventType "swiss"]
[EventRounds "9"]
[EventCountry "ESP"]
[SourceTitle "EXT 2003"]
[Source "ChessBase"]
[SourceDate "2002.11.25"]
[SourceVersion "1"]
[SourceVersionDate "2002.11.25"]
[SourceQuality "1"]

1. d4 Nf6 2. c4 g6 3. Nc3 Bg7 4. e4 0-0 5. Be3 d6 6. f3 e5 7. dxe5 dxe5 8. Qxd8 Rxd8 9. Nd5 Nxd5 10. cxd5 c6 11. Bc4 Bf6 12. 0-0-0 Nd7 13. dxc6 bxc6 14. Ne2 Nb6 15. Rxd8+ Bxd8 16. Rd1 Be7 17. Bb3 Ba6 18. Nc3 Kf8 19. Na4 Nc4 20. Bc5 1/2-1/2

[Event "Sitges op"]
[Site "Sitges"]
[Date "1998.??.??"]
[Round "?"]
[White "Toledano Luna, Pedro"]
[Black "Hansen, Lars"]
[Result "1/2-1/2"]
[WhiteElo "2315"]
[BlackElo "2245"]
[PlyCount "97"]
[EventDate "1998.??.??"]
[EventType "swiss"]
[EventRounds "9"]
[EventCountry "ESP"]
[SourceTitle "EXT 2003"]
[Source "ChessBase"]
[SourceDate "2002.11.25"]
[SourceVersion "1"]
[SourceVersionDate "2002.11.25"]
[SourceQuality "1"]

1. e4 e5 2. Nf3 Nf6 3. Nxe5 d6 4. Nxf7 Kxf7 5. d4 g6 6. Nc3 Qe8 7. Bc4+ Be6 8. Be2 Bg7 9. 0-0 Rf8 10. f4 Kg8 11. Bf3 c6 12. Be3 Na6 13. Qe2 Qd7 14. h3 Rae8 15. Kh2 b5 16. b3 Nc7 17. Rae1 b4 18. Nb1 Qf7 19. Nd2 Bd5 20. exd5 Nfxd5 21. Bxd5 Nxd5 22. Qd3 Qf5 23. Qxf5 Rxf5 24. Bg1 Rxe1 25. Rxe1 Rxf4 26. Ne4 Bf8 27. Ng5 h6 28. Ne6 Rf7 29. Nd8 Rd7 30. Ne6 Re7 31. Bf2 Bg7 32. Nxg7 Rxe1 33. Bxe1 Kxg7 34. Bg3 Nc3 35. Bxd6 Nxa2 36. Kg3 Kf6 37. Kf4 Nc3 38. g4 Nd5+ 39. Kf3 h5 40. gxh5 gxh5 41. Ke4 Kg5 42. Bg3 a5 43. Ke5 Nc3 44. Bf2 Nb5 45. Ke6 Na3 46. Kd6 Nxc2 47. Kxc6 a4 48. d5 axb3 49. d6 1/2-1/2

[Event "Martorell op-A"]
[Site "Martorell"]
[Date "1997.??.??"]
[Round "4"]
[White "Fortes Gil, Jesus Emilio"]
[Black "Toledano Luna, Pedro"]
[Result "0-1"]
[WhiteElo "2130"]
[BlackElo "2235"]
[PlyCount "62"]
[EventDate "1997.09.??"]
[EventType "swiss"]
[EventRounds "9"]
[EventCountry "ESP"]
[SourceTitle "EXT 2003"]
[Source "ChessBase"]
[SourceDate "2002.11.25"]
[SourceVersion "1"]
[SourceVersionDate "2002.11.25"]
[SourceQuality "1"]

1. d4 Nf6 2. c4 g6 3. Nc3 Bg7 4. e4 0-0 5. Nf3 d6 6. Be2 e5 7. 0-0 Nc6 8. d5 Ne7 9. Ne1 Nd7 10. Be3 f5 11. f3 f4 12. Bf2 Rf7 13. a4 g5 14. a5 Nf6 15. Nb5 a6 16. Na7 Bd7 17. c5 g4 18. Kh1 g3 19. Bg1 gxh2 20. Bf2 Nh5 21. c6 bxc6 22. Nxc6 Nxc6 23. dxc6 Be6 24. Kxh2 Qg5 25. Rh1 Ng3 26. Kg1 Nxh1 27. Kxh1 Rf6 28. Kg1 Rh6 29. Kf1 Rh1+ 30. Bg1 Qg3 31. Nd3 Bh3 0-1

[Event "Martorell op-A"]
[Site "Martorell"]
[Date "1997.??.??"]
[Round "5"]
[White "Toledano Luna, Pedro"]
[Black "Huesca Vancell, David"]
[Result "1/2-1/2"]
[WhiteElo "2235"]
[BlackElo "2175"]
[PlyCount "120"]
[EventDate "1997.09.??"]
[EventType "swiss"]
[EventRounds "9"]
[EventCountry "ESP"]
[SourceTitle "EXT 2003"]
[Source "ChessBase"]
[SourceDate "2002.11.25"]
[SourceVersion "1"]
[SourceVersionDate "2002.11.25"]
[SourceQuality "1"]

1. e4 e6 2. d4 d5 3. Nc3 Bb4 4. Qd3 Nf6 5. e5 Nfd7 6. Qg3 Kf8 7. Bg5 Be7 8. Nf3 Bxg5 9. Nxg5 a6 10. 0-0-0 c5 11. Qh4 Ke8 12. Qf4 Qe7 13. dxc5 h6 14. Nf3 Qxc5 15. Qg3 Kf8 16. Bd3 Nc6 17. Rhe1 b5 18. Nd2 b4 19. Nb3 Qe7 20. Na4 Qg5+ 21. f4 Qxg3 22. hxg3 Ke7 23. Be2 Bb7 24. Bf3 Rhc8 25. g4 Nd8 26. Nd4 Bc6 27. Nxc6+ Rxc6 28. Kb1 Nb7 29. Rd4 a5 30. c4 bxc3 31. Nxc3 Nb6 32. Rc1 Rac8 33. Ne2 Nc4 34. b3 Na3+ 35. Kb2 Rxc1 36. Nxc1 Nb5 37. Rd2 f6 38. exf6+ gxf6 39. f5 e5 40. Rxd5 Rc5 41. Ne2 Rxd5 42. Bxd5 Nc5 43. Bc4 Nd4 44. Nc3 Kd6 45. a3 e4 46. b4 axb4 47. axb4 Nd3+ 48. Bxd3 exd3 49. Ne4+ Ke5 50. Nf2 Kf4 51. Kc3 Nb5+ 52. Kxd3 Kg3 53. Ke3 Nc7 54. Ne4+ Kxg4 55. Nc3 Kxf5 56. b5 Ke5 57. b6 Na6 58. Nb5 Nc5 59. Nc3 Nb7 60. Na4 Nd6 1/2-1/2

[Event "Martorell op-A"]
[Site "Martorell"]
[Date "1997.??.??"]
[Round "7"]
[White "Toledano Luna, Pedro"]
[Black "Jerez Perez, Alfonso"]
[Result "1/2-1/2"]
[WhiteElo "2235"]
[BlackElo "2405"]
[PlyCount "22"]
[EventDate "1997.09.??"]
[EventType "swiss"]
[EventRounds "9"]
[EventCountry "ESP"]
[SourceTitle "EXT 2003"]
[Source "ChessBase"]
[SourceDate "2002.11.25"]
[SourceVersion "1"]
[SourceVersionDate "2002.11.25"]
[SourceQuality "1"]

1. e4 c5 2. c3 Nf6 3. e5 Nd5 4. d4 cxd4 5. Nf3 Nc6 6. Bc4 Nb6 7. Bb3 g6 8. Ng5 d5 9. exd6 e6 10. Qf3 Ne5 11. Qe4 Qxd6 1/2-1/2

[Event "Benasque op 16th"]
[Site "Benasque"]
[Date "1996.??.??"]
[Round "3"]
[White "Toledano Luna, Pedro"]
[Black "Laplaza Ara, Carlos"]
[Result "1-0"]
[WhiteElo "2340"]
[BlackElo "2120"]
[PlyCount "35"]
[EventDate "1996.07.??"]
[EventType "swiss"]
[EventRounds "9"]
[EventCountry "ESP"]
[SourceTitle "CBM 053 Extra"]
[Source "ChessBase"]
[SourceDate "1996.09.01"]
[SourceVersion "1"]
[SourceVersionDate "1996.09.01"]
[SourceQuality "1"]

1. e4 c5 2. c3 d5 3. exd5 Qxd5 4. d4 cxd4 5. cxd4 Nc6 6. Nf3 Bg4 7. Nc3 Bxf3 8. gxf3 Qxd4 9. Qxd4 Nxd4 10. Nb5 Nc2+ 11. Kd1 Nxa1 12. Nc7+ Kd8 13. Nxa8 e5 14. Be3 b6 15. Ba6 Bd6 16. Kd2 Ne7 17. Rc1 Nd5 18. Rc8+ 1-0